[Event "Nord West Cup 3rd"]
[Site "Oldenburg"]
[Date "2001.02.03"]
[Round "5"]
[White "Hubbermann, Guenter"]
[Black "Meijer, Johan"]
[Result "1-0"]
[WhiteElo "1042"]
[BlackElo "1450"]
[PlyCount "51"]
[EventDate "2001.02.01"]
[EventType "swiss"]
[EventRounds "7"]
[EventCountry "GER"]
[SourceTitle "EXT 2010"]
[Source "ChessBase"]
[SourceDate "2010.11.25"]
[SourceVersion "1"]
[SourceVersionDate "2010.11.25"]
[SourceQuality "1"]

1. e4 c5 2. c4 Nc6 3. Nc3 e6 4. Nf3 g6 5. d3 Bg7 6. Bd2 Nge7 7. Be2 d6 8. 0-0 Bd7 9. Nb5 Bc8 10. Bc3 e5 11. Qd2 a6 12. Na3 f5 13. b4 f4 14. b5 Nd4 15. Bxd4 cxd4 16. Rab1 g5 17. Nxg5 h5 18. Bd1 Ng6 19. Nf3 h4 20. h3 Bg4 21. Nh2 f3 22. Nxg4 fxg2 23. Kxg2 Nf4+ 24. Kh2 Bh6 25. Nxh6 Rxh6 26. Bg4 1-0

[Event "Nord West Cup 3rd"]
[Site "Oldenburg"]
[Date "2001.02.03"]
[Round "4"]
[White "Meijer, Johan"]
[Black "Michalowski, Richard"]
[Result "1/2-1/2"]
[WhiteElo "1450"]
[BlackElo "1585"]
[PlyCount "69"]
[EventDate "2001.02.01"]
[EventType "swiss"]
[EventRounds "7"]
[EventCountry "GER"]
[SourceTitle "EXT 2010"]
[Source "ChessBase"]
[SourceDate "2010.11.25"]
[SourceVersion "1"]
[SourceVersionDate "2010.11.25"]
[SourceQuality "1"]

1. d4 Nf6 2. Nf3 b6 3. c4 e6 4. Bg5 Be7 5. Nc3 Bb7 6. g3 d5 7. Bg2 Nbd7 8. 0-0 0-0 9. Nd2 h6 10. Bxf6 Nxf6 11. e3 c5 12. a4 a6 13. Qe2 Rc8 14. b3 Qc7 15. f3 Rfd8 16. f4 cxd4 17. exd4 Bb4 18. Rac1 Qd7 19. Nf3 dxc4 20. bxc4 Bxf3 21. Rxf3 Qxd4+ 22. Kh1 Rxc4 23. Rd1 Qxd1+ 24. Nxd1 Rc1 25. Rf1 Rd2 26. Qe1 a5 27. Qxd2 Bxd2 28. Nb2 Rxf1+ 29. Bxf1 Be3 30. Nc4 Bc5 31. Ne5 Kf8 32. Bb5 Ke7 33. Nc6+ Kd6 34. Nd8 Ke7 35. Nc6+ 1/2-1/2

[Event "Nord West Cup 3rd"]
[Site "Oldenburg"]
[Date "2001.02.02"]
[Round "3"]
[White "Faustmann, Joerg"]
[Black "Meijer, Johan"]
[Result "1-0"]
[WhiteElo "1706"]
[BlackElo "1450"]
[PlyCount "53"]
[EventDate "2001.02.01"]
[EventType "swiss"]
[EventRounds "7"]
[EventCountry "GER"]
[SourceTitle "EXT 2010"]
[Source "ChessBase"]
[SourceDate "2010.11.25"]
[SourceVersion "1"]
[SourceVersionDate "2010.11.25"]
[SourceQuality "1"]

1. e4 c5 2. Nf3 d6 3. d4 cxd4 4. Nxd4 Nf6 5. Nc3 g6 6. Bc4 Bg7 7. Be3 Nc6 8. 0-0 0-0 9. Bb3 Bd7 10. Qd2 Ng4 11. Nxc6 Bxc6 12. Bg5 Kh8 13. h3 Nf6 14. Rfe1 Nd7 15. Rad1 f6 16. Bh4 Qa5 17. Qe3 Qc5 18. Bd5 Qxe3 19. Rxe3 Rac8 20. Be6 Rcd8 21. b4 a6 22. a4 b5 23. axb5 axb5 24. Nd5 Bxd5 25. Rxd5 Bh6 26. Rb3 Ra8 27. Bxd7 1-0